00405nam a22001097a 450000500170000000800410001724500540005826000520011230000390016450000690020365000230027220250729164509.0241107b |||||||| |||| 00| 0 eng d aThe Supreme Court of Ghana Law Reports VOLUME 2 / aAccra, GhanabAdvanced Legal Publicationsc2012 axlvi, pages 750-1330 ; xxxvc24 cm aCases determined by the Supreme Court of the Republic of Ghana.  2Law ReportsxGhana